| 000 | 01050nam a2200289Ia 4500 | ||
|---|---|---|---|
| 001 | Para_8778 | ||
| 003 | CHAP | ||
| 008 | 220125s2003 xx 000 0 und d | ||
| 010 | _a207559 | ||
| 040 | _cCHAP | ||
| 090 | _aPA TESIS 1752 | ||
| 100 |
_aCarrillo Mejía, Rosa Martha _919512 |
||
| 245 |
_aCapacidad depredadora de Harmonia axyridis Pallas (Coleoptera : _bCoccinelidae) en el control del Psílido del Eucalipto Glycaspis brimblecombei Moore (Homoptera : _bSpondyliaspididae) / _c por Rosa Martha Carrillo Mejía |
||
| 260 |
_aChapingo, Méx. : _b el autor |
||
| 300 | _a65 h. | ||
| 502 | _aTesis (Ing. Agr. Esp. en Parasitología Agrícola) -- UACh. Departamento Parasitología Agrícola | ||
| 650 |
_aEucalipto _x plagas _938818 |
||
| 650 |
_aHarmonia axyridis _952767 |
||
| 710 |
_aUACh. Departamento Parasitología Agrícola _9164025 |
||
| 901 | _aPA TESIS 1752 | ||
| 902 | _aA | ||
| 905 | _a0000002003 ain 0000000000 00 | ||
| 910 | _a2003 | ||
| 942 | _cPARA | ||
| 942 |
_cPARA _d1 |
||
| 999 |
_c207559 _d207559 |
||